THEODORE BOONE YOUNG LAWYER (Record no. 30951)

MARC details
000 -LEADER
fixed length control field 00290nam a2200121Ia 4500
008 - FIXED-LENGTH DATA ELEMENTS--GENERAL INFORMATION
fixed length control field 240624s9999 xx 000 0 und d
041 ## - LANGUAGE CODE
Language code of text/sound track or separate title eng
082 ## - DEWEY DECIMAL CLASSIFICATION NUMBER
Classification number 823 GRI
100 ## - MAIN ENTRY--PERSONAL NAME
Personal name GRISHAM JOHN
245 ## - TITLE STATEMENT
Title THEODORE BOONE YOUNG LAWYER
260 ## - PUBLICATION, DISTRIBUTION, ETC.
Place of publication, distribution, etc. New YorkClass No
Name of publisher, distributor, etc. 823 GRIa
365 ## - TRADE PRICE
Currency code RS
Holdings
Withdrawn status Lost status Damaged status Not for loan Home library Current library Shelving location Date acquired Cost, normal purchase price Full call number Barcode Date last seen Price effective from Koha item type
        IMTN IMTN Rack 40-B 08/24/2018 299.00 823 GRI 30951 06/24/2024 06/24/2024 Books
Designed & Maintained by: LRC IMT Nagpur Contact: lrc@imtnag.ac.in© 2024. All Rights Reserved.